000 00705nam a2200253Ia 4500
003 OSt
005 20220925212356.0
006 a|||||r|||| 00| 0
007 ta
008 220923b |||||||| |||| 00| 0 eng d
037 _cGeneral Book
040 _aRTL
_cRTL
_beng
041 _2eng
_aeng
082 _aB32, K5;K8;1 & K5;K8;7 & K5;K8;8
100 _aLang Serge
_9276730
245 0 _aFirst course in calculus
250 _a2
260 _aLondon
_bAddson-Wesley Publishing
_c1968
300 _axiv,316p.
_ccm.
490 _vv1 316p
650 _aCalculus
942 _hB32, K5;K8;1 & K5;K8;7 & K5;K8;8
_cGB
_2CC
999 _c560230
_d560230